<?xml version="1.0" encoding="UTF-8"?><?xml-stylesheet type="text/xsl" href="static/style.xsl"?><OAI-PMH xmlns="http://www.openarchives.org/OAI/2.0/" xmlns:xsi="http://www.w3.org/2001/XMLSchema-instance" xsi:schemaLocation="http://www.openarchives.org/OAI/2.0/ http://www.openarchives.org/OAI/2.0/OAI-PMH.xsd"><responseDate>2026-04-17T03:16:38Z</responseDate><request verb="GetRecord" identifier="oai:www.recercat.cat:10256/17084" metadataPrefix="marc">https://recercat.cat/oai/request</request><GetRecord><record><header><identifier>oai:recercat.cat:10256/17084</identifier><datestamp>2024-06-18T11:50:37Z</datestamp><setSpec>com_2072_452955</setSpec><setSpec>com_2072_2054</setSpec><setSpec>col_2072_453063</setSpec></header><metadata><record xmlns="http://www.loc.gov/MARC21/slim" xmlns:dcterms="http://purl.org/dc/terms/" xmlns:xsi="http://www.w3.org/2001/XMLSchema-instance" xmlns:doc="http://www.lyncode.com/xoai" xsi:schemaLocation="http://www.loc.gov/MARC21/slim http://www.loc.gov/standards/marcxml/schema/MARC21slim.xsd">
   <leader>00925njm 22002777a 4500</leader>
   <datafield ind2=" " ind1=" " tag="042">
      <subfield code="a">dc</subfield>
   </datafield>
   <datafield ind2=" " ind1=" " tag="720">
      <subfield code="a">Rasi, Silvia</subfield>
      <subfield code="e">author</subfield>
   </datafield>
   <datafield ind2=" " ind1=" " tag="720">
      <subfield code="a">Ricart, Susagna</subfield>
      <subfield code="e">author</subfield>
   </datafield>
   <datafield ind2=" " ind1=" " tag="720">
      <subfield code="a">Obradors, Xavier</subfield>
      <subfield code="e">author</subfield>
   </datafield>
   <datafield ind2=" " ind1=" " tag="720">
      <subfield code="a">Puig Molina, Teresa</subfield>
      <subfield code="e">author</subfield>
   </datafield>
   <datafield ind2=" " ind1=" " tag="720">
      <subfield code="a">Roura Grabulosa, Pere</subfield>
      <subfield code="e">author</subfield>
   </datafield>
   <datafield ind2=" " ind1=" " tag="720">
      <subfield code="a">Farjas Silva, Jordi</subfield>
      <subfield code="e">author</subfield>
   </datafield>
   <datafield ind2=" " ind1=" " tag="260">
      <subfield code="c">2019-10-01</subfield>
   </datafield>
   <datafield ind2=" " ind1=" " tag="520">
      <subfield code="a">The effect of triethanolamine (TEA) on single‐salt propionate‐based solutions used to prepare YBa2Cu3O7‐∂ (YBCO) has been studied through thermal analysis, for film and powder samples. Decomposition has been followed by thermogravimetry (TG) coupled to differential scanning calorimetry (DSC) and evolved gas analysis (EGA‐MS and TG‐FTIR), while chemical characterization has been carried out by FTIR, XRD and EA. The addition of TEA has little effect on the decomposition of Ba‐Prop‐Ac. Conversely, the thermal behavior of CuProp2 and YProp3 film with TEA becomes more gradual and less affected by a change of atmosphere than the TEA‐free case. This is explained by the fact that the decomposition mechanism is driven by the formation of an ester between the propionate groups and the TEA's OH groups, which is promoted by inert atmospheres and temperatures above 200°C. Just as the single salt precursors, the Ba and Y films show residual organic material at 500°C in thick films decomposed in O2</subfield>
   </datafield>
   <datafield ind2=" " ind1=" " tag="520">
      <subfield code="a">This  work  was  funded  by  Ministerio  de  Ciencia,  Innovación  y  Universidades  (grant  numbers  RTI2018‐095853‐B‐C21  and  RTI2018‐095853‐B‐C22),  by  the  Center  of  Excellence  Severo  Ochoa &#xd;
(SEV‐2015‐0496),  the  Generalitat  of  Catalunya  (2017‐SGR‐1519).  It  was  also  supported  by  the &#xd;
European  Union  through  the  projects  Eurotapes  (EU‐FP7  NMP‐LA‐2012‐280432)  and  Ultrasupertape  (ERC ADG‐2014‐669504). S.R. wishes  to  thank  the University of Girona  for  the IF‐ UdG PhD grant</subfield>
   </datafield>
   <datafield ind1="8" ind2=" " tag="024">
      <subfield code="a">http://hdl.handle.net/10256/17084</subfield>
   </datafield>
   <datafield tag="653" ind2=" " ind1=" ">
      <subfield code="a">Anàlisi tèrmica</subfield>
   </datafield>
   <datafield tag="653" ind2=" " ind1=" ">
      <subfield code="a">Piròlisi</subfield>
   </datafield>
   <datafield tag="653" ind2=" " ind1=" ">
      <subfield code="a">Thermal analysis</subfield>
   </datafield>
   <datafield tag="653" ind2=" " ind1=" ">
      <subfield code="a">Pyrolysis</subfield>
   </datafield>
   <datafield ind2="0" ind1="0" tag="245">
      <subfield code="a">Effect of triethanolamine on the pyrolysis of metal-propionate-based solutions</subfield>
   </datafield>
</record></metadata></record></GetRecord></OAI-PMH>